| 000 | 01457nam a2200325 i 4500 | ||
|---|---|---|---|
| 999 |
_c3639 _d3639 |
||
| 001 | ocm000065946667 | ||
| 003 | AuCNLKIN | ||
| 005 | 20240319085314.0 | ||
| 008 | 200619s2019 enkab j 001 0 eng d | ||
| 020 | _a9781474950626 | ||
| 040 |
_aUKMGB _beng _erda _cUKMGB _dOCLCO _dOCLCF _dSALS _dCaOL _dKH8 |
||
| 082 | _a550 MAR | ||
| 100 | 1 |
_aMartin, Jerome _c(Writer of children's books), _eauthor. |
|
| 245 | 1 | 0 |
_a100 things to know about planet Earth / _cwritten by Jerome Martin [and three others] ; illustrated by Federico Mariani [and three others]. |
| 246 | 3 | 3 | _aOne hundred things to know about planet Earth. |
| 246 | 3 | _aHundred things to know about Planet Earth. | |
| 246 | 3 | 0 | _aPlanet Earth. |
| 264 | 1 |
_aLondon : _bUsborne Publishing Ltd., _c2019. |
|
| 264 | 4 | _c©2019. | |
| 300 |
_a128 pages : _bcolour illustrations, colour maps ; _c25 cm. |
||
| 336 |
_atext _btxt _2rdacontent. |
||
| 336 |
_astill image _bsti _2rdacontent. |
||
| 337 |
_aunmediated _bn _2rdamedia. |
||
| 338 |
_avolume _bnc _2rdacarrier. |
||
| 500 | _aIncludes index. | ||
| 520 | _aWhat are phantom islands? How did the Black Death cause an ice age? How could graffiti save endangered tortoises? Find the answers to these questions and 97 more in this bold, graphic and exciting book, full of amazing things to know about Planet Earth. | ||
| 651 | 0 |
_aEarth (Planet) _vMiscellanea _vJuvenile literature. |
|
| 700 | 1 |
_aMariani, Federico, _d1974- _eillustrator. |
|
| 942 |
_2ddc _cNFIC |
||